书目信息 |
| 题名: |
有机化学实验
|
|
| 作者: | Adams 著 ;余蓝园 , 荣甫 译 | |
| 分册: | ||
| 出版信息: | 北京 商务印书馆 1955 |
|
| 页数: | 256页 | |
| 开本: | 20cm | |
| 丛书名: | ||
| 单 册: | ||
| 中图分类: | O62-33 | |
| 科图分类: | ||
| 主题词: | 有机化学 | |
| 电子资源: | ||
| ISBN: | ||
| 000 | 00671nam0 2200241 450 | |
| 001 | 0631264625 | |
| 005 | 20060811091718.03 | |
| 010 | @dCNY2.30 | |
| 100 | @a20060801d1955 km y0chiy0120 ea | |
| 101 | 0 | @achi |
| 102 | @aCN@b110000 | |
| 102 | @aCN@b110000 | |
| 200 | 1 | @a有机化学实验@Ayou ji hua xue shi yan@fR·Adams等著@FR·Adams deng zhu@g余蓝园,荣甫等译@Gyu lan yuan,rong fu deng yi |
| 205 | @a4版 | |
| 210 | @a北京@c商务印书馆@d1955 | |
| 215 | @a256页@d20cm | |
| 606 | 0 | @a有机化学 |
| 690 | @aO62-33@v3 | |
| 701 | 0 | @aAdams@4著 |
| 702 | 0 | @a余蓝园@Ayu lan yuan@4译 |
| 702 | 0 | @a荣甫@Arong fu@4译 |
| 801 | 0 | @aCN@bPFT@c20060811 |
| 905 | @a10447@dO62-33@e119=4 | |
| 有机化学实验/R·Adams等著/余蓝园,荣甫等译.-4版.-北京:商务印书馆,1955 |
| 256页;20cm |
| ISBN :CNY2.30 |
| ● |
| 相关链接 |
|
|
|
|
正题名:有机化学实验
索取号:O62-33/119=4
 
预约/预借
| 序号 | 登录号 | 条形码 | 馆藏地/架位号 | 状态 | 备注 |
| 1 | 0454110 | 204541102 | 密集书库/ [索取号:O62-33/119=4] | 在馆 |